Automorphic forms on Adele Groups

Guardat en:
Dades bibliogràfiques
Autor principal: Gelbart, Stephen S (Autor)
Format: Llibre
Idioma:anglès
Publicat: Princeton Princeton University Press 1975
Col·lecció:Annals of Mathematics Studies, 83
Matèries:
Etiquetes: Afegir etiqueta
Sense etiquetes, Sigues el primer a etiquetar aquest registre!

MARC

LEADER 00000cam a2200000 a 4500
001 UCF3465
003 CL-VaPUC
008 121011e19750000US |||||||||||||||||eng|d
020 |a 0691081565 
082 0 4 |a 512.7  |b GEL  |2 21 
100 |a Gelbart, Stephen S  |e author  |9 565302 
245 1 0 |a Automorphic forms on Adele Groups 
300 |a 267 p 
942 |c BK 
945 |d 20121011 00:00:00  |a dcastane 
260 |a Princeton  |b Princeton University Press  |c 1975 
650 0 |a Representaciones de grupos   |9 417402 
650 7 |a FORMAS AUTOMORFICAS  |2 CL-VaPUC  |9 423139 
650 0 |a Funciones (Matemáticas)  |9 338128 
583 |a last modification  |c 20121011 12:23:00  |k Rodrigo Vera 
490 0 |a Annals of Mathematics Studies, 83 
999 |c 349787  |d 349785 
952 |0 0  |1 0  |4 0  |6 512_700000000000000_GEL_1975  |7 0  |8 A  |9 452568  |a BIBMAT  |b BIBMAT  |d 2019-11-22  |i 4915372  |o 512.7 GEL 1975  |p 4915372  |r 2025-01-07  |w 2019-11-22  |y BK  |k MAT